[Event "Benasque op 43rd"]
[Site "Benasque"]
[Date "2024.07.06"]
[Round "2"]
[White "Garcia Ramos, Daniel"]
[Black "Pes Mateo, Angel"]
[Result "1-0"]
[WhiteElo "2405"]
[BlackElo "1999"]
[PlyCount "53"]
[EventDate "2024.07.05"]
[EventType "swiss"]
[EventRounds "10"]
[EventCountry "ESP"]
[SourceTitle "CBM 221 Extra"]
[Source "ChessBase"]
[SourceDate "2024.09.30"]
[SourceVersion "1"]
[SourceVersionDate "2024.09.30"]
[SourceQuality "1"]

1. e4 c5 2. Nf3 d6 3. d4 cxd4 4. Nxd4 Nf6 5. f3 a6 6. c4 g6 7. Nc3 Bg7 8. Be3 Nc6 9. Qd2 Bd7 10. Be2 Rc8 11. 0-0 0-0 12. Rfc1 Nh5 13. Nb3 Be6 14. Nd5 Nf6 15. Bf1 Nd7 16. h4 Nce5 17. h5 f5 18. Nd4 Bxd5 19. cxd5 Rf6 20. Ne6 Rxe6 21. dxe6 Nf6 22. h6 Bh8 23. exf5 gxf5 24. Rc2 Rxc2 25. Qxc2 Nd5 26. Rc1 Nc6 27. Qxf5 1-0

[Event "Aragon-chT Preferente B"]
[Site "Aragon"]
[Date "2016.03.19"]
[Round "8.63"]
[White "Pes Mateo, Angel"]
[Black "Fernandez Sierra, Pedro Jose"]
[Result "1/2-1/2"]
[WhiteElo "1967"]
[BlackElo "1670"]
[PlyCount "110"]
[EventDate "2016.01.30"]
[EventType "team-tourn"]
[EventRounds "9"]
[EventCountry "ESP"]
[SourceTitle "EXT 2018"]
[Source "ChessBase"]
[SourceDate "2017.10.13"]
[SourceVersion "1"]
[SourceVersionDate "2017.10.13"]
[SourceQuality "1"]
[WhiteTeam "Delicias II"]
[BlackTeam "Actur Rey Fernando"]
[WhiteTeamCountry "ESP"]
[BlackTeamCountry "ESP"]

1. d4 Nf6 2. Bf4 e6 3. e3 d5 4. Nf3 c5 5. c3 Nc6 6. Nbd2 c4 7. a4 Bd7 8. Ne5 Be7 9. Be2 0-0 10. 0-0 Be8 11. Bf3 Nxe5 12. Bxe5 Nd7 13. e4 Nxe5 14. dxe5 Bc6 15. Re1 Bc5 16. exd5 Bxd5 17. Bxd5 Qxd5 18. Nf3 Be7 19. Qxd5 exd5 20. Rad1 Rfd8 21. Re2 Rac8 22. Nd4 Bc5 23. Nf5 g6 24. Nh6+ Kg7 25. Ng4 d4 26. cxd4 Rxd4 27. Ne3 Rxd1+ 28. Nxd1 Rd8 29. Nc3 Bb4 30. f4 Bxc3 31. bxc3 Rd1+ 32. Kf2 Ra1 33. Rb2 Rxa4 34. Rxb7 Ra2+ 35. Ke3 Kf8 36. g3 Rxh2 37. Rxa7 h5 38. Rc7 Rh3 39. Kf2 Rh2+ 40. Kf3 Rd2 41. Rxc4 Rd3+ 42. Kf2 Rd2+ 43. Ke3 Rg2 44. Kf3 Rd2 45. Rd4 Rc2 46. Rd3 Ke7 47. Ke4 Ke6 48. Re3 Rc1 49. Rd3 Rc2 50. Rd6+ Ke7 51. Rc6 Kd7 52. Rc4 Ke6 53. Rc6+ Kd7 54. Rd6+ Ke7 55. Rd3 Ke6 1/2-1/2

[Event "Aragon-chT Preferente B"]
[Site "Aragon"]
[Date "2016.03.05"]
[Round "6.67"]
[White "Pes Mateo, Angel"]
[Black "Fuentes Espuna, Juan Antonio"]
[Result "0-1"]
[WhiteElo "1967"]
[BlackElo "1956"]
[PlyCount "90"]
[EventDate "2016.01.30"]
[EventType "team-tourn"]
[EventRounds "9"]
[EventCountry "ESP"]
[SourceTitle "EXT 2018"]
[Source "ChessBase"]
[SourceDate "2017.10.13"]
[SourceVersion "1"]
[SourceVersionDate "2017.10.13"]
[SourceQuality "1"]
[WhiteTeam "Delicias II"]
[BlackTeam "La Aurora Estadilla II"]
[WhiteTeamCountry "ESP"]
[BlackTeamCountry "ESP"]

1. d4 c5 2. c3 Nf6 3. dxc5 b6 4. cxb6 Qxb6 5. Qb3 Nc6 6. Qxb6 axb6 7. g3 e6 8. Bg2 Ba6 9. b4 Rc8 10. Nd2 d5 11. Rb1 Bb5 12. Ngf3 Be7 13. Nb3 Ne4 14. Bb2 0-0 15. Nfd4 Nxd4 16. Nxd4 Bc4 17. a3 Bg5 18. f4 Bf6 19. Bxe4 dxe4 20. Kf2 e5 21. fxe5 Bxe5 22. e3 f5 23. h4 Rf6 24. Rbe1 Bd3 25. Rc1 b5 26. Rhg1 Rcf8 27. Ne2 h6 28. h5 Rc8 29. Nd4 Kf7 30. Rg2 Rg8 31. Ne2 Rd6 32. Nd4 g6 33. Rh1 Bxd4 34. exd4 g5 35. Rhg1 Ke6 36. Ra1 Ra6 37. Ke1 Kd5 38. Rf2 e3 39. Rg2 Rf8 40. Bc1 Ke4 41. Raa2 f4 42. gxf4 Rxf4 43. Rg1 Raf6 44. Bxe3 Kxe3 45. Rd2 Rf1+ 0-1

[Event "Aragon-chT Preferente A"]
[Site "Aragon"]
[Date "2015.03.07"]
[Round "7.41"]
[White "Sanchez Herrera, Miguel"]
[Black "Pes Mateo, Angel"]
[Result "1/2-1/2"]
[WhiteElo "2121"]
[BlackElo "1986"]
[PlyCount "120"]
[EventDate "2015.01.24"]
[EventType "team-tourn"]
[EventRounds "11"]
[EventCountry "ESP"]
[SourceTitle "EXT 2017"]
[Source "ChessBase"]
[SourceDate "2016.10.25"]
[SourceVersion "1"]
[SourceVersionDate "2016.10.25"]
[SourceQuality "1"]
[WhiteTeam "St Casablanca III"]
[BlackTeam "Delicias II"]
[WhiteTeamCountry "ESP"]
[BlackTeamCountry "ESP"]

1. d4 Nf6 2. Nf3 d6 3. b3 Bg4 4. Bb2 Nbd7 5. Nbd2 c5 6. e3 e6 7. Be2 Be7 8. h3 Bh5 9. 0-0 0-0 10. c4 a5 11. a4 h6 12. Bd3 cxd4 13. exd4 d5 14. Qe2 Bxf3 15. Nxf3 Rc8 16. Rac1 Qb6 17. c5 Qc7 18. Rfe1 Nb8 19. Rc3 Nc6 20. Bb1 Rfe8 21. Re3 b6 22. Ne5 Nxe5 23. dxe5 Ne4 24. Bxe4 dxe4 25. cxb6 Qxb6 26. Rg3 Bc5 27. Bc1 e3 28. Bxe3 Bxe3 29. Rxe3 Red8 30. Rd1 Rd4 31. Rxd4 Qxd4 32. Qe1 Rc5 33. g3 Qb2 34. Kg2 Rc2 35. Rf3 Rc5 36. Qe4 Rd5 37. Qf4 Rd7 38. Qc4 Qd2 39. Qb5 g6 40. Qb8+ Kg7 41. Qb6 Qd5 42. Qe3 Rb7 43. Kh2 Rb4 44. Qc3 Rd4 45. Re3 Rd1 46. Re1 Rd3 47. Qc4 Qf3 48. Qf4 Rxb3 49. Qxf3 Rxf3 50. Kg2 Rb3 51. Ra1 g5 52. g4 Kg6 53. Ra2 h5 54. Ra1 Rb4 55. f3 Rb2+ 56. Kf1 h4 57. Ra3 Rh2 58. Rc3 Ra2 59. Rc4 Ra3 60. Kf2 Kg7 1/2-1/2

[Event "Aragon-chT Preferente A"]
[Site "Aragon"]
[Date "2015.02.21"]
[Round "5.37"]
[White "Faro Perella, Alberto"]
[Black "Pes Mateo, Angel"]
[Result "1-0"]
[WhiteElo "1927"]
[BlackElo "1986"]
[PlyCount "65"]
[EventDate "2015.01.24"]
[EventType "team-tourn"]
[EventRounds "11"]
[EventCountry "ESP"]
[SourceTitle "EXT 2017"]
[Source "ChessBase"]
[SourceDate "2016.10.25"]
[SourceVersion "1"]
[SourceVersionDate "2016.10.25"]
[SourceQuality "1"]
[WhiteTeam "Binefar"]
[BlackTeam "Delicias II"]
[WhiteTeamCountry "ESP"]
[BlackTeamCountry "ESP"]

1. d4 Nf6 2. c4 d6 3. Nc3 e5 4. d5 Be7 5. e4 0-0 6. Nf3 a5 7. h3 Na6 8. Be3 h6 9. Be2 Nh7 10. g4 Ng5 11. Qd2 Nxf3+ 12. Bxf3 Bg5 13. h4 Bxe3 14. Qxe3 f6 15. 0-0-0 Bd7 16. Rdg1 Kh7 17. g5 Qe8 18. Qe2 Nc5 19. Rh2 b5 20. Rhg2 g6 21. gxh6 b4 22. Nb5 Bxb5 23. cxb5 Rg8 24. Bh5 Rb8 25. Rxg6 Rxg6 26. Bxg6+ Qxg6 27. Rxg6 Kxg6 28. Kc2 Kxh6 29. Qg4 Kh7 30. h5 Rf8 31. Qg6+ Kh8 32. h6 Rg8 33. Qxf6+ 1-0

[Event "Aragon-chT Preferente B"]
[Site "Aragon"]
[Date "2013.02.23"]
[Round "5.69"]
[White "Cebrian Valverde, Jose Antonio"]
[Black "Pes Mateo, Angel"]
[Result "1/2-1/2"]
[WhiteElo "2129"]
[BlackElo "2029"]
[PlyCount "105"]
[EventDate "2013.01.26"]
[EventType "team"]
[EventRounds "9"]
[EventCountry "ESP"]
[SourceTitle "EXT 2014"]
[Source "ChessBase"]
[SourceDate "2013.11.20"]
[SourceVersion "1"]
[SourceVersionDate "2013.11.20"]
[SourceQuality "1"]
[WhiteTeam "San Jose"]
[BlackTeam "Delicias CCOO II"]
[WhiteTeamCountry "ESP"]
[BlackTeamCountry "ESP"]

1. d4 Nf6 2. c4 d6 3. Nc3 e5 4. dxe5 dxe5 5. Qxd8+ Kxd8 6. Bg5 c6 7. 0-0-0+ Nbd7 8. f4 h6 9. Bh4 exf4 10. Bxf6+ gxf6 11. Nh3 Bc5 12. Ne4 Be3+ 13. Kc2 Ke7 14. g3 Ne5 15. b3 Bf5 16. Bg2 fxg3 17. hxg3 Rhg8 18. Rdf1 Rxg3 19. Rxf5 Rxg2 20. Nxf6 Rxe2+ 21. Kb1 Nd3 22. Rd1 Rb2+ 23. Ka1 Rd2 24. Rxd2 Bxd2 25. Ne4 Be3 26. Kb1 Bd4 27. a3 Rg8 28. Kc2 Ne5 29. Nf4 Rg4 30. Nf6 Rg3 31. Ne2 Rg2 32. Kd1 Rf2 33. Ng8+ Kf8 34. Nxh6 Rxf5 35. Nxf5 Bf2 36. Nf4 Nd7 37. b4 b6 38. Ke2 Bg1 39. Nd6 Bh2 40. Kf3 Ke7 41. Nc8+ Kf6 42. Nxa7 Ne5+ 43. Ke4 Bxf4 44. Kxf4 Nxc4 45. Nxc6 Nxa3 46. b5 Nxb5 47. Ne5 Ke6 48. Nc4 Nc7 49. Nxb6 f6 50. Nc4 Nd5+ 51. Kf3 f5 52. Nd2 Nf6 53. Nc4 1/2-1/2

[Event "Aragon-chT Preferente B"]
[Site "Aragon"]
[Date "2013.02.16"]
[Round "4.58"]
[White "Bayod Rubia, Angel"]
[Black "Pes Mateo, Angel"]
[Result "0-1"]
[WhiteElo "2024"]
[BlackElo "2029"]
[PlyCount "74"]
[EventDate "2013.01.26"]
[EventType "team"]
[EventRounds "9"]
[EventCountry "ESP"]
[SourceTitle "EXT 2014"]
[Source "ChessBase"]
[SourceDate "2013.11.20"]
[SourceVersion "1"]
[SourceVersionDate "2013.11.20"]
[SourceQuality "1"]
[WhiteTeam "El Olivar II"]
[BlackTeam "Delicias CCOO II"]
[WhiteTeamCountry "ESP"]
[BlackTeamCountry "ESP"]

1. e4 c5 2. Nf3 d6 3. d4 cxd4 4. Qxd4 e5 5. Bb5+ Nd7 6. Qd3 Be7 7. Nc3 Ngf6 8. 0-0 0-0 9. Bg5 Nc5 10. Qe3 Be6 11. Bxf6 Bxf6 12. Rfd1 a6 13. Bf1 Qc7 14. Rd2 Be7 15. Ne1 f5 16. exf5 Rxf5 17. Nd5 Bxd5 18. Rxd5 Raf8 19. b4 Ne6 20. Bd3 R5f6 21. Nf3 Nf4 22. Ra5 g6 23. Be4 Qc4 24. Qb3 Qxb3 25. axb3 d5 26. Bxd5+ Nxd5 27. Rxd5 Bxb4 28. Nxe5 Bc3 29. Rad1 Rxf2 30. Ng4 R2f4 31. h3 h5 32. g3 Rf3 33. Nh2 Rxg3+ 34. Kh1 Rxh3 35. Kg2 Re3 36. R1d3 Re2+ 37. Kh3 Bf6 0-1

[Event "Aragon-chT Preferente B"]
[Site "Aragon"]
[Date "2013.02.02"]
[Round "2.61"]
[White "Pes Mateo, Angel"]
[Black "Planas Torrea, Francisco Javier"]
[Result "1/2-1/2"]
[WhiteElo "2029"]
[BlackElo "1996"]
[PlyCount "120"]
[EventDate "2013.01.26"]
[EventType "team"]
[EventRounds "9"]
[EventCountry "ESP"]
[SourceTitle "EXT 2014"]
[Source "ChessBase"]
[SourceDate "2013.11.20"]
[SourceVersion "1"]
[SourceVersionDate "2013.11.20"]
[SourceQuality "1"]
[WhiteTeam "Delicias CCOO II"]
[BlackTeam "Ejea"]
[WhiteTeamCountry "ESP"]
[BlackTeamCountry "ESP"]

1. d4 Nf6 2. Nf3 g6 3. Bf4 Bg7 4. h3 d6 5. e3 Nbd7 6. Be2 0-0 7. 0-0 Ne4 8. Nbd2 Ndf6 9. c3 b6 10. a4 a6 11. Qc2 Bb7 12. Nc4 Re8 13. Ne1 Nd7 14. f3 Nef6 15. e4 e5 16. dxe5 dxe5 17. Be3 Nh5 18. Nd3 Qe7 19. Rfd1 Rad8 20. Nb4 Ndf6 21. Rxd8 Rxd8 22. Rd1 Rxd1+ 23. Qxd1 Nf4 24. Nd3 N6h5 25. Nxf4 Nxf4 26. Bxf4 exf4 27. Qd2 Qc5+ 28. Kh2 Qg5 29. Na3 Bf8 30. Nc2 Qg3+ 31. Kh1 Bc5 32. Bc4 Bc8 33. b4 Be7 34. Qd5 Be6 35. Qa8+ Kg7 36. Bxe6 fxe6 37. Qe8 Bf6 38. Qd7+ Kh6 39. Qd2 Bh4 40. Nd4 e5 41. Nc2 Qf2 42. Qxf2 Bxf2 43. b5 axb5 44. axb5 Bc5 45. Ne1 Kg5 46. Nd3 Kf6 47. Kh2 Ba3 48. g3 g5 49. g4 Ke6 50. h4 h6 51. hxg5 hxg5 52. Kg2 Be7 53. Kf2 Kd6 54. Ke2 Bf6 55. Kd2 c5 56. Nb2 Bd8 57. Kd3 Bc7 58. Kc4 Bd8 59. Na4 Bc7 60. Kd3 Bd8 1/2-1/2

[Event "Aragon-chT Preferente A"]
[Site "Aragon"]
[Date "2012.03.17"]
[Round "7.50"]
[White "Pes Mateo, Angel"]
[Black "Juberias Segura, Santiago"]
[Result "1/2-1/2"]
[WhiteElo "2069"]
[BlackElo "2045"]
[PlyCount "47"]
[EventDate "2012.02.04"]
[EventType "team"]
[EventRounds "9"]
[EventCountry "ESP"]
[SourceTitle "EXT 2014"]
[Source "ChessBase"]
[SourceDate "2013.11.20"]
[SourceVersion "1"]
[SourceVersionDate "2013.11.20"]
[SourceQuality "1"]
[WhiteTeam "Delicias CCOO II"]
[BlackTeam "St Casablanca III"]
[WhiteTeamCountry "ESP"]
[BlackTeamCountry "ESP"]

1. d4 d5 2. Nf3 Nf6 3. Bf4 c6 4. c3 Bf5 5. Qb3 Qb6 6. Nbd2 Nbd7 7. h3 e6 8. Ne5 Nxe5 9. Bxe5 Nd7 10. g4 Bg6 11. Bg3 h5 12. Bg2 Be7 13. Nf3 Qxb3 14. axb3 hxg4 15. hxg4 Rxh1+ 16. Bxh1 Bc2 17. Nd2 Nf6 18. f3 Kd7 19. b4 a6 20. Kf2 Rh8 21. Bg2 Bd6 22. Rc1 Bg6 23. Nb3 Bxg3+ 24. Kxg3 1/2-1/2

[Event "Aragon-chT Preferente A"]
[Site "Aragon"]
[Date "2012.03.03"]
[Round "5.46"]
[White "Pes Mateo, Angel"]
[Black "Alonso Blasco, Jose Miguel"]
[Result "1/2-1/2"]
[WhiteElo "2069"]
[BlackElo "2119"]
[PlyCount "90"]
[EventDate "2012.02.04"]
[EventType "team"]
[EventRounds "9"]
[EventCountry "ESP"]
[SourceTitle "EXT 2014"]
[Source "ChessBase"]
[SourceDate "2013.11.20"]
[SourceVersion "1"]
[SourceVersionDate "2013.11.20"]
[SourceQuality "1"]
[WhiteTeam "Delicias CCOO II"]
[BlackTeam "Las Fuentes"]
[WhiteTeamCountry "ESP"]
[BlackTeamCountry "ESP"]

1. d4 Nf6 2. Nf3 e6 3. Bg5 c5 4. e3 Qb6 5. Bxf6 Qxb2 6. Nbd2 gxf6 7. Rb1 Qxa2 8. Bc4 Qa5 9. d5 Bg7 10. 0-0 0-0 11. Ne4 f5 12. Ng3 Qd8 13. e4 fxe4 14. Nxe4 h6 15. Qe2 b6 16. Rfd1 Qc7 17. Qd3 Qf4 18. g3 Qg4 19. Nd6 Ba6 20. Bxa6 Nxa6 21. h3 Qh5 22. Qxa6 Qxf3 23. Rd3 Qe2 24. Qa4 Bd4 25. Rf1 exd5 26. Nf5 Qe6 27. Nxd4 cxd4 28. Rxd4 f5 29. Rfd1 f4 30. Rxf4 Rxf4 31. Qxf4 Rf8 32. Qd4 Qxh3 33. Qxd5+ Qe6 34. Qxd7 Qxd7 35. Rxd7 Ra8 36. Rb7 a5 37. Rxb6 a4 38. Rb2 a3 39. Ra2 Kf7 40. Kf1 Ke6 41. Ke2 Kd5 42. Kd3 Kc5 43. Kc3 Rf8 44. Rxa3 Rxf2 45. Ra5+ Kb6 1/2-1/2

[Event "Aragon-chT Preferente-A"]
[Site "Spain"]
[Date "2011.02.12"]
[Round "2.1"]
[White "Pes Mateo, Angel"]
[Black "Malo Guillen, Jose Luis"]
[Result "0-1"]
[WhiteElo "2052"]
[BlackElo "2183"]
[PlyCount "62"]
[EventDate "2011.02.05"]
[EventType "team-tourn"]
[EventRounds "9"]
[EventCountry "ESP"]
[SourceTitle "EXT 2013"]
[Source "ChessBase"]
[SourceDate "2012.11.22"]
[SourceVersion "1"]
[SourceVersionDate "2012.11.22"]
[SourceQuality "1"]
[WhiteTeam "Escaque 65"]
[BlackTeam "Las Fuentes"]
[WhiteTeamCountry "ESP"]
[BlackTeamCountry "ESP"]

1. d4 Nf6 2. Nf3 g6 3. Bf4 Bg7 4. h3 0-0 5. e3 d6 6. Be2 Nbd7 7. 0-0 Qe8 8. Re1 e5 9. Bh2 Qe7 10. c4 Ne4 11. Nbd2 Nxd2 12. Nxd2 exd4 13. Bg4 d3 14. Bxd7 Bxd7 15. Qb3 Bc6 16. Rab1 Qg5 17. f3 Bd7 18. Kh1 Bf5 19. f4 Qh4 20. e4 Bc8 21. Qxd3 b6 22. b3 Bb7 23. Rbd1 Rae8 24. Re2 Bh6 25. Rf1 f5 26. exf5 Rxe2 27. Qxe2 Qxh3 28. fxg6 Bxf4 29. Rxf4 Rxf4 30. Kg1 Qg4 31. gxh7+ Kxh7 0-1

[Event "Benasque op 18th"]
[Site "Benasque"]
[Date "1998.??.??"]
[Round "?"]
[White "Pes Mateo, Angel"]
[Black "Galego, Luis"]
[Result "0-1"]
[WhiteElo "2205"]
[BlackElo "2445"]
[PlyCount "80"]
[EventDate "1998.07.??"]
[EventType "swiss"]
[EventRounds "9"]
[EventCountry "ESP"]
[SourceTitle "EXT 2002"]
[Source "ChessBase"]
[SourceDate "2001.11.25"]
[SourceVersion "1"]
[SourceVersionDate "2001.11.25"]
[SourceQuality "1"]

1. d4 d6 2. Nf3 Bg4 3. Qd3 c6 4. e4 Nd7 5. h3 Bxf3 6. Qxf3 e5 7. Bc4 Ngf6 8. Qb3 d5 9. exd5 cxd5 10. Bxd5 Qa5+ 11. Nc3 exd4 12. Bxf7+ Kd8 13. Bd2 dxc3 14. Bxc3 Qb6 15. Qa4 Qc6 16. Ba5+ Kc8 17. Qxc6+ bxc6 18. 0-0-0 Kb7 19. g4 Nb6 20. Rhe1 Bc5 21. f4 Rhf8 22. Be6 Nfd5 23. f5 Rad8 24. Bd2 h6 25. b3 Bf2 26. Re4 Bh4 27. c4 Nf6 28. Re2 Bg5 29. Kc2 Bxd2 30. Rexd2 Rxd2+ 31. Rxd2 Kc7 32. Rg2 Ne4 33. h4 Nc5 34. g5 h5 35. g6 Nxe6 36. fxe6 Rf6 37. Re2 Kd8 38. Re5 Rxg6 39. e7+ Ke8 40. Rxh5 Kxe7 0-1

[Event "Benasque op 18th"]
[Site "Benasque"]
[Date "1998.??.??"]
[Round "?"]
[White "Pes Mateo, Angel"]
[Black "Konguvel, Ponnuswamy"]
[Result "0-1"]
[WhiteElo "2205"]
[BlackElo "2430"]
[PlyCount "90"]
[EventDate "1998.07.??"]
[EventType "swiss"]
[EventRounds "9"]
[EventCountry "ESP"]
[SourceTitle "EXT 2002"]
[Source "ChessBase"]
[SourceDate "2001.11.25"]
[SourceVersion "1"]
[SourceVersionDate "2001.11.25"]
[SourceQuality "1"]

1. d4 Nf6 2. Nf3 g6 3. Bf4 Bg7 4. Nbd2 0-0 5. h3 d6 6. e3 Nbd7 7. Bd3 Qe8 8. e4 e5 9. dxe5 dxe5 10. Be3 Qe7 11. Nb3 b6 12. Qe2 Bb7 13. Nfd2 Rfd8 14. Bg5 Nf8 15. Ba6 Bxa6 16. Qxa6 Ne6 17. Be3 Nd4 18. 0-0-0 c5 19. c3 Ne6 20. g3 Rab8 21. f4 exf4 22. gxf4 Bh6 23. Qf1 Qc7 24. f5 Bxe3 25. fxe6 Nxe4 26. Qxf7+ Qxf7 27. exf7+ Kxf7 28. Kc2 Nxd2 29. Nxd2 Rxd2+ 30. Rxd2 Bxd2 31. Kxd2 Re8 32. Rf1+ Kg7 33. Kd3 g5 34. a4 h5 35. a5 Kg6 36. axb6 axb6 37. Kc4 Re3 38. Kb5 Rxh3 39. Kxb6 g4 40. Kxc5 Rf3 41. Rg1 g3 42. Kd4 Kf5 43. c4 h4 44. c5 h3 45. c6 h2 0-1

[Event "Ibercaja op-B"]
[Site "Zaragoza"]
[Date "1996.??.??"]
[Round "?"]
[White "Llanes Luno, Pedro Alfredo"]
[Black "Pes Mateo, Angel"]
[Result "1/2-1/2"]
[WhiteElo "2255"]
[BlackElo "2220"]
[PlyCount "29"]
[EventDate "1996.04.??"]
[EventType "swiss"]
[EventRounds "9"]
[EventCountry "ESP"]
[SourceTitle "EXT 1997"]
[Source "ChessBase"]
[SourceDate "1996.11.15"]
[SourceVersion "1"]
[SourceVersionDate "1996.11.15"]
[SourceQuality "1"]

1. Nf3 Nf6 2. g3 d6 3. Bg2 e5 4. d3 Be7 5. 0-0 0-0 6. Nbd2 Re8 7. h3 Nbd7 8. c4 c6 9. b4 Qc7 10. Nb3 d5 11. a3 dxc4 12. dxc4 b6 13. Qc2 Bb7 14. Rd1 c5 15. b5 1/2-1/2

[Event "Ibercaja op-B"]
[Site "Zaragoza"]
[Date "1996.??.??"]
[Round "?"]
[White "Pes Mateo, Angel"]
[Black "Beneded Blazquez, David"]
[Result "1/2-1/2"]
[WhiteElo "2220"]
[BlackElo "2085"]
[PlyCount "92"]
[EventDate "1996.04.??"]
[EventType "swiss"]
[EventRounds "9"]
[EventCountry "ESP"]
[SourceTitle "EXT 1997"]
[Source "ChessBase"]
[SourceDate "1996.11.15"]
[SourceVersion "1"]
[SourceVersionDate "1996.11.15"]
[SourceQuality "1"]

1. d4 b6 2. Nf3 Bb7 3. Bf4 e6 4. Nbd2 Nf6 5. e3 Be7 6. Bd3 Nh5 7. Bg3 Nxg3 8. hxg3 g6 9. c3 f5 10. Ne5 0-0 11. f4 d6 12. Nef3 Nd7 13. Qb3 d5 14. Bb5 c6 15. Be2 Rb8 16. Kf2 Kg7 17. Rh3 Rh8 18. Rah1 h5 19. Qd1 Qe8 20. Nb3 Qc8 21. Qb1 Ba6 22. Bd1 Nf6 23. Ne5 Ne4+ 24. Kg1 Bf6 25. Bf3 Bxe5 26. dxe5 Bc4 27. g4 fxg4 28. Bxg4 hxg4 29. Rxh8 Qxh8 30. Rxh8 Rxh8 31. Nd4 Kf7 32. Qe1 c5 33. Nf3 gxf3 34. gxf3 Bd3 35. Kg2 g5 36. Qd1 c4 37. fxe4 Bxe4+ 38. Kg3 gxf4+ 39. Kxf4 b5 40. Qd4 Rh5 41. Qxa7+ Kg6 42. Qb8 Rf5+ 43. Kg4 Rg5+ 44. Kf4 Rf5+ 45. Kg3 Rg5+ 46. Kf4 Rf5+ 1/2-1/2